000 01376nam a2200337 a 4500
001 000115196
003 CHAP
005 20220329144522.0
008 181126s2018 mx a sm |||||||spa d
010 _a111657
011 _a112629
040 _cCHAP
090 _aTesis
100 1 _aSerrano Espinosa, Carlos Enrique.
_9136184
245 1 0 _aEfectividad biológica del fungicida Antracol 70 WP en el control del mildiú velloso (Peronospora sparsa) en el cultivo de rosal ( Rosa spp. var. vendela) Villa Guerrero, Estado de México /
_h[En línea]
_cpor Carlos Enrique Serrano Espinosa.
260 _aChapingo, Méx. :
_bEl autor,
_c2018.
500 _aPara ver el contenido del material haga clic en la liga
502 _aTesis (Ing. Agr. Esp. en Parasitología Agrícola) -- UACH. Departamento de Parasitología Agrícola
590 _aBATCH-UPD
_b10
_c20190619
_lUCH01
_h1034
590 _aE11695DGD
_b10
_c20190619
_lUCH01
_h1033
590 _aE8697GMM
_b05
_c20181126
_lUCH01
_h1205
590 _aE8697GMM
_b05
_c20181126
_lUCH01
_h1208
590 _aE8697GMM
_b05
_c20181203
_lUCH01
_h1232
590 _aE8697GMM
_b05
_c20190517
_lUCH01
_h1430
650 1 4 _aRosas
_xEnfermedades por hongos.
_999968
650 1 4 _aRosas
_xVariedades.
_999992
856 _aFinding aid
_uhttp://10.13.5.2/tesis/sist115196.pdf
_zTeclea aquí
901 _aBK
942 _cTESIS
942 _n0
999 _c111657
_d111657